[Event "NRW Class2 0607"]
[Site "Germany"]
[Date "2007.03.18"]
[Round "7.6"]
[White "Ebert, Manuel"]
[Black "Ljuboschiz, Alexander"]
[Result "0-1"]
[WhiteElo "2193"]
[BlackElo "2234"]
[PlyCount "68"]
[EventDate "2006.09.17"]
[EventType "team-tourn"]
[EventRounds "9"]
[EventCountry "GER"]
[SourceTitle "EXT 2008"]
[Source "ChessBase"]
[SourceDate "2007.11.25"]
[SourceVersion "1"]
[SourceVersionDate "2007.11.25"]
[SourceQuality "1"]
[WhiteTeam "Brackweda"]
[BlackTeam "Koeln Brueck"]
[WhiteTeamCountry "GER"]
[BlackTeamCountry "GER"]

1. e4 e5 2. Nf3 Nc6 3. Bb5 g6 4. 0-0 Bg7 5. c3 a6 6. Ba4 d6 7. h3 Nge7 8. d4 0-0 9. Re1 h6 10. d5 Nb8 11. c4 a5 12. Nc3 Na6 13. Bc2 Nc5 14. a3 f5 15. Nd2 f4 16. Rb1 g5 17. b4 axb4 18. axb4 Nd7 19. Bd3 Nf6 20. Be2 Ng6 21. c5 Rf7 22. Nc4 Bf8 23. cxd6 Bxd6 24. Nb5 Rh7 25. Nbxd6 cxd6 26. Kh2 h5 27. Qb3 g4 28. Ba3 Ne8 29. Rh1 f3 30. gxf3 Qh4 31. Kg1 Nf4 32. Kf1 g3 33. fxg3 Qxg3 34. Rg1 Bxh3+ 0-1

[Event "NRW Class2 0607"]
[Site "Germany"]
[Date "2007.01.28"]
[Round "5.5"]
[White "Smolka, Alexander"]
[Black "Ebert, Manuel"]
[Result "1/2-1/2"]
[WhiteElo "2132"]
[BlackElo "2193"]
[PlyCount "82"]
[EventDate "2006.09.17"]
[EventType "team-tourn"]
[EventRounds "9"]
[EventCountry "GER"]
[SourceTitle "EXT 2008"]
[Source "ChessBase"]
[SourceDate "2007.11.25"]
[SourceVersion "1"]
[SourceVersionDate "2007.11.25"]
[SourceQuality "1"]
[WhiteTeam "Bochum 31 II"]
[BlackTeam "Brackweda"]
[WhiteTeamCountry "GER"]
[BlackTeamCountry "GER"]

1. e4 c5 2. Nf3 e6 3. d4 cxd4 4. Nxd4 a6 5. c4 Qc7 6. Nc3 Nf6 7. a3 b6 8. Be3 Bb7 9. f3 d6 10. Be2 Be7 11. Qd2 Nbd7 12. 0-0 Rc8 13. Rfc1 0-0 14. a4 Bd8 15. a5 bxa5 16. Nb3 Qb8 17. Nxa5 Ba8 18. b4 Bb6 19. Nd1 Bc7 20. Kh1 Ne5 21. Bg1 Rcd8 22. Qc3 Ng6 23. Rab1 d5 24. cxd5 Be5 25. Nc6 Bxc6 26. Qxc6 exd5 27. Bxa6 Bf4 28. Rc3 dxe4 29. fxe4 Rd6 30. Qc8 Qxc8 31. Bxc8 Nxe4 32. Rc2 Ne7 33. Bg4 Rh6 34. Bh3 f5 35. Rb3 g5 36. g4 Rd8 37. Nf2 Nd2 38. Ra3 Nd5 39. Rd3 Rhd6 40. b5 fxg4 41. Nxg4 h5 1/2-1/2